Κατάλογος Βιβλιοθηκών Mediterranean College

Self Marketing / Το πιο Ολοκληρωμένο Μέσο Προώθησης σας (Record no. 2836)

MARC details
000 -LEADER
fixed length control field 01471cam a22001934a 4500
005 - ΗΜΕΡΟΜΗΝΙΑ ΚΑΙ ΩΡΑ ΤΕΛΕΥΤΑΙΑΣ ΕΝΗΜΕΡΩΣΗΣ
Πεδίο ελέγχου 20250605164054.0
008 - FIXED-LENGTH DATA ELEMENTS--GENERAL INFORMATION
Πεδίο ελέγχου σταθερού μήκους 250528s ||||||||||||||||||||||||d
035 ## - SYSTEM CONTROL NUMBER
System control number 17415
020 ## - ISBN
ISBN 9603510955
040 ## - ΠΗΓΗ ΚΑΤΑΛΟΓΟΓΡΑΦΗΣΗΣ
Φορέας πρωτότυπης καταλογογράφησης MC Athens Campus Library
Γλώσσα καταλογογράφησης Ελληνικά, Μοντέρνα (1453-)
Modifying agency MC Athens Campus Library
Κανόνες περιγραφικής καταλογογράφησης AACR2
245 1# - ΤΙΤΛΟΣ ΚΑΙ ΔΗΛΩΣΗ ΥΠΕΥΘΥΝΟΤΗΤΑΣ
Τίτλος Self Marketing / Το πιο Ολοκληρωμένο Μέσο Προώθησης σας
260 ## - PUBLICATION, DISTRIBUTION, ETC.
Name of publisher, distributor, etc. Σταμούλης Α,
Date of publication, distribution, etc. 1996
300 ## - PHYSICAL DESCRIPTION
Extent 68
520 ## - SUMMARY, ETC.
Summary, etc. Το παρόν βιβλίο περιλαμβάνει κανόνες που οδηγούν στην πρόσληψη και σε μια επιτυχημένη καριέρα. Πρόλογος, Ο Προγραμματισμός της Καριέρας και η Επιλογή Εργασίας, Η Χρησιμότητα του Προγραμματισμού και η Επιλογή Καριέρας, Αναζήτηση Εργασίας, Πως να Σχεδιάσετε ένα Αποτελεσματικό Βιογραφικό και Πως να Πουλάτε στις Συνεντεύξεις, Ο Ρόλος του Βιογραφικού και της Συνοδευτικής Επιστολής, Τι Είναι η Συνοδευτική Επιστολή - Ολοκλήρωση Mail, Ο Τρόπος να Δώσετε μια Επιτυχημένη Συνέντευξη, Προσωπικό Μάρκετινγκ, Self Marketing.
700 1# - ΠΡΟΣΘΕΤΗ ΑΝΑΓΡΑΦΗ--ΦΥΣΙΚΟ ΠΡΟΣΩΠΟ
Personal name Γαλάνης Βασίλειος
9 (RLIN) 3572
942 ## - ADDED ENTRY ELEMENTS (KOHA)
Koha item type Books
Holdings
Τύπος τεκμηρίου Βιβλιοθήκη Τρέχουσα τοποθεσία Barcode Αριθμός εισαγωγής Ημερομηνία απόκτησης Ταξιθετικό σύμβολο Αριθμός αντιτύπου Κατάσταση απόσυρσης Κατάσταση χαμένου Κατάσταση κατεστραμμένου Μη δανεισμός Σύνολο δανεισμών Ημερομηνία τελευταίας εμφάνισης Η τιμή ισχύει από
Books MC Athens Campus Library MC Athens Campus Library 9780000028358 5650 05/06/2025 650.14 GAL 3           05/06/2025 05/06/2025

MC Athens Campus Library
Πατησίων 94 & Κοδριγκτώνος 13, 104 34
Πελλήνης 8 & Πατησίων 107, 112 51
Τ: +30 210 8899600

MC Thessaloniki Campus Library
Ίωνος Δραγούμη 21, 54625 | Ίωνος Δραγούμη 15, 54625
Τ: +30 2310 287779 – Τ: +30 2314 440300